[Event "RUS Cup final 6th"]
[Site "Nefteyugansk"]
[Date "2002.10.11"]
[Round "7"]
[White "Yevseev, Denis"]
[Black "Arzumanian, Georgy"]
[Result "1-0"]
[WhiteElo "2553"]
[BlackElo "2455"]
[Annotator "Hecht,H"]
[PlyCount "79"]
[EventDate "2002.10.06"]
[EventType "tourn"]
[EventRounds "11"]
[EventCountry "RUS"]
[EventCategory "11"]
[SourceTitle "CBM 092"]
[Source "ChessBase"]
[SourceDate "2003.02.06"]
[SourceVersion "1"]
[SourceVersionDate "2003.02.06"]
[SourceQuality "1"]

1. d4 d5 2. c4 e6 3. Nf3 c6 4. Nc3 dxc4 5. a4 Bb4 6. e3 b5 7. Bd2 a5 8. axb5
Bxc3 9. Bxc3 cxb5 10. b3 Bb7 11. bxc4 b4 12. Bb2 Nf6 13. Bd3 Nbd7 14. O-O O-O
15. Nd2 e5 16. Bc2 Qc7 17. Ba4 Nb6 18. Bb5 a4 19. dxe5 Nfd7 20. f4 Nc5 21. Bd4
b3 22. f5 Nbd7 23. f6 Nxe5 24. Qh5 Ned3 25. Rf5 Rfd8 26. Raf1 Ne6 27. fxg7 Ndf4
28. R5xf4 Nxf4 29. Rxf4 Qxf4 30. exf4 Rxd4 31. Nb1 a3 32. Nxa3 Rxa3 {[#]
Taktik mit Fehlern beiderseits} 33. Qc5 Rd1+ 34. Kf2 Ra2+ 35. Ke3 Ra8 $6 (35...
Kxg7 36. Qe5+ $11) 36. Qb4 Rda1 37. c5 R1a3 $2 (37... Bxg2 $13) 38. c6 b2+ (
38... Bc8 39. Qf8#) 39. Kd4 $2 (39. Kf2 Ra2 (39... Ba6 40. Bxa6 R3xa6 41. c7)
40. Kg3 $18) 39... Ba6 (39... R3a4 $1 40. Bxa4 Rxa4 41. Qxa4 b1=Q 42. cxb7 Qxb7
$14) 40. c7 (40. c7 Bxb5 41. Qxb5 Rc8 42. Qxb2 Ra7 {und Schwarz sollte sich
halten können.}) 1-0

[Event "Vikings GM 1st"]
[Site "York"]
[Date "1999.12.14"]
[Round "2"]
[White "Rowson, Jonathan"]
[Black "Hillarp Persson, Tiger"]
[Result "0-1"]
[WhiteElo "2490"]
[BlackElo "2507"]
[Annotator "Hecht,H"]
[PlyCount "120"]
[EventDate "1999.12.13"]
[EventType "tourn"]
[EventRounds "10"]
[EventCountry "ENG"]
[EventCategory "12"]
[SourceTitle "CBM 075"]
[Source "ChessBase"]
[SourceDate "2000.04.05"]
[SourceVersion "1"]
[SourceVersionDate "2000.04.05"]
[SourceQuality "1"]

1. c4 e6 2. Nc3 d5 3. d4 a6 4. cxd5 exd5 5. Nf3 Be7 6. Qc2 Nc6 7. Bf4 Nf6 8. e3
O-O 9. a3 Nh5 10. Bg3 Nxg3 11. hxg3 g6 12. Be2 Bf6 13. O-O Ne7 14. Rac1 c6 15.
b4 Nf5 16. a4 Qe7 17. Qd2 b5 18. axb5 axb5 19. Bxb5 cxb5 20. Nxd5 Qd8 21. e4
Bg7 22. Nc7 Ra7 23. Nxb5 Rb7 24. Rc5 Nd6 25. Nc3 Rxb4 26. e5 Nc4 27. Qa2 Nb6
28. Qa3 Rc4 29. Rxc4 Nxc4 30. Qc5 Be6 31. d5 Qc8 32. Qb4 Nxe5 33. dxe6 Nxf3+
34. gxf3 Qxc3 35. exf7+ Rxf7 36. Qxc3 Bxc3 {[#] Ein technisches Endspiel, in
dem Schwarz zusätzlich mit dem Problem des "falschen" Läufers zu kämpfen hat.
Schwarz setzt seinen König gut ein und erreicht nach geschickter Abwicklung
ein gewonnenes Bauernendspiel.} 37. Kg2 g5 38. Rc1 Bd4 39. Rc4 Rd7 40. Ra4 Kg7
41. Rc4 Rd6 42. Rc2 Bb6 43. Rb2 Kf6 44. Rb1 Bc5 45. Rc1 Rd5 46. Rc4 h5 47. Rc1
Rf5 48. Rc4 Ke6 49. Rc1 Kd5 50. Rh1 g4 51. Rd1+ Bd4 52. fxg4 $2 {Da dies
zwingend im Bauernendspiel verliert, kam nur die Verteidigung von f3 in Frage
oder aber f4..} (52. Rd3 $5 Kc4 53. Ra3 Bc5 $140 (53... Rb5 54. fxg4 hxg4 55.
f3 Rb2+ 56. Kh1 gxf3 57. Rxf3 Kd5 58. Rf4 $15) 54. Ra4+ Kb5 55. Rf4 $11) 52...
hxg4 53. Rd2 {[#] Abwicklung ins Bauernendspiel "6. Reihe absolut".} Rxf2+ 54.
Rxf2 Bxf2 55. Kxf2 Kd4 56. Kf1 Ke3 57. Kg1 Kf3 58. Kh1 Kxg3 59. Kg1 Kf3 60. Kh2
Kf2 0-1

[Event "BIH-chT"]
[Site "Neum"]
[Date "2002.06.06"]
[Round "7.3"]
[White "Bogut, Zeljko"]
[Black "Kosic, Dragan"]
[Result "0-1"]
[WhiteElo "2403"]
[BlackElo "2537"]
[Annotator "Hecht,H"]
[PlyCount "90"]
[EventDate "2002.06.02"]
[EventType "team"]
[EventRounds "9"]
[EventCountry "BIH"]
[SourceTitle "CBM 090"]
[Source "ChessBase"]
[SourceDate "2002.09.20"]
[SourceVersion "1"]
[SourceVersionDate "2002.09.20"]
[SourceQuality "1"]
[WhiteTeam "Brijeg"]
[BlackTeam "Sarajevo Napredak"]
[WhiteTeamCountry "BIH"]
[BlackTeamCountry "BIH"]

1. c4 e6 2. Nc3 d5 3. cxd5 exd5 4. d4 c6 5. Nf3 Bf5 6. a3 Bd6 7. Bg5 Ne7 8. e3
Nd7 9. Bd3 f6 10. Bh4 Nf8 11. Bxf5 Nxf5 12. e4 dxe4 13. Nxe4 Ng6 14. Bg3 Bxg3
15. hxg3 Nd6 16. Nxd6+ Qxd6 17. O-O O-O-O 18. b4 Ne7 19. Qe2 Nd5 20. Rfc1 Kb8
21. b5 Rc8 22. bxc6 Rxc6 23. Qd3 g6 24. Nd2 Rhc8 25. Rxc6 Qxc6 26. Rb1 b6 27.
Rb5 Qc3 28. Qxc3 Nxc3 29. Rb4 Nd5 30. Rc4 Rxc4 31. Nxc4 Kc7 32. Kf1 b5 33. Ne3
Nxe3+ 34. fxe3 {[#] Entfernter schwarzer Freibauer am Damenflügel} f5 35. Ke2 (
35. g4 fxg4 {führt zum typischen Verlust der verbundenen Freibauern gegen zwei
weit voneinander entfernte.}) 35... Kd6 36. Kd2 Kd5 37. Kc3 a5 38. Kb3 h5 39.
Kc3 g5 40. Kb3 h4 41. gxh4 gxh4 42. Kc3 Ke4 43. a4 (43. Kd2 f4 44. exf4 Kxd4
45. f5 Ke5 46. Kd3 Kxf5 47. Kd4 Kg4 48. Kc5 b4 $19) 43... bxa4 $1 {logisch} ({
Kritisch ist} 43... b4+ 44. Kc4 f4 $1 (44... b3 $2 45. Kxb3 f4 46. exf4 Kxd4
47. Kc2 Ke4 48. Kd2 Kxf4 49. Ke2 $11) 45. exf4 Kxf4 46. d5 Ke5 47. Kc5 b3 48.
d6 b2 49. d7 b1=Q 50. d8=Q Qb4+ 51. Kc6 Qxa4+ 52. Kb7 Qb5+ 53. Ka7 Qc5+ {
und gewinnt nach Damentausch!}) 44. Kc4 a3 45. Kb3 a2 {Überflüssig, denn} (
45... f4 46. exf4 Kxd4 47. Kxa3 Ke4 48. Ka4 Kxf4 49. Kxa5 Kg3 $19) 0-1

[Event "St Petersburg-ch"]
[Site "St Petersburg"]
[Date "2001.04.10"]
[Round "1"]
[White "Ionov, Sergey"]
[Black "Kashtanov, Ruslan"]
[Result "1-0"]
[WhiteElo "2505"]
[BlackElo "2412"]
[Annotator "Hecht,H"]
[PlyCount "133"]
[EventDate "2001.04.10"]
[EventType "tourn"]
[EventRounds "11"]
[EventCountry "RUS"]
[EventCategory "9"]
[SourceTitle "CBM 083"]
[Source "ChessBase"]
[SourceDate "2001.07.05"]
[SourceVersion "1"]
[SourceVersionDate "2001.07.05"]
[SourceQuality "1"]

1. d4 d5 2. c4 c6 3. Nc3 e6 4. e3 Bd6 5. Bd3 a6 6. e4 dxc4 7. Bxc4 b5 8. Be2
Nd7 9. Nf3 Bb7 10. e5 Be7 11. O-O h5 12. Bd3 h4 13. Be4 Nh6 14. Qe2 g6 15. Bf4
Nf5 16. Rad1 Nb6 17. Bc2 Nd5 18. Nxd5 Qxd5 19. Be4 Qd7 20. Rd3 O-O-O 21. Rfd1
Kb8 22. h3 Qc7 23. Bg5 Bxg5 24. Nxg5 Qe7 25. Nf3 Rd7 26. Rc3 Rc8 27. Qc2 c5 28.
Bxb7 Kxb7 29. dxc5 Rxd1+ 30. Qxd1 Rxc5 31. Rd3 Rc7 32. a4 Qc5 33. axb5 axb5 34.
Qe2 Qc1+ 35. Rd1 Qc4 36. Qd2 Qc2 37. Ng5 Qxd2 38. Rxd2 {Umgehung der weißen
Stellung am Damenflügel. Ab Zug 50 läßt Schwarz bessere Fortsetzungen aus.} b4
39. Kf1 Kb6 40. Ke2 Kb5 41. Ne4 Ka4 42. g4 Ne7 43. f4 Kb3 44. Kd3 $6 (44. Ng5
$142 Nd5 45. f5 $132 {z.B.} gxf5 46. gxf5 Rc2 47. Rxc2 Kxc2 48. f6 (48. fxe6
Nf4+ 49. Ke3 Nxe6 50. Nxf7 Kxb2 51. Nd6 b3 52. Nc4+ Kc3 53. Na3 b2 54. Nb1+ Kc2
55. Na3+ Kb3 56. Nb1 Ka2 57. Nd2 Nc5 $17) 48... Kxb2 49. Nxf7 b3 50. Nd6 Kc1
51. f7 Nf4+ 52. Ke3 Ng6 53. Nc4 b2 54. Nxb2 Kxb2 55. Kd4 Kc2 56. Kc5 Kd3 57.
Kd6 Ke4 58. Kxe6 Kf4 59. Kf6 Nxe5 60. f8=N $11) 44... Nd5 45. Rf2 Nb6 46. Nd6
Na4 47. Nb5 Rc1 48. Nd4+ Ka2 49. b3+ Nb2+ 50. Ke4 Ka3 $6 (50... Re1+ $1 51. Kf3
Rh1 52. Kg2 Rd1 53. Nc6 Kxb3 54. Nxb4 Rb1 55. Nc6 Nd3 56. Rf3 Kc2 $17 {[%csl
Rf4,Rh3][%cal Rd3e1]}) 51. Rf3 Nd1 52. f5 gxf5+ 53. gxf5 Nc3+ 54. Kd3 exf5 $6 (
54... Nd5 $142) 55. Rxf5 Rh1 $2 (55... Rd1+ $142 56. Kc4 Rc1 $11) 56. Rxf7
Rxh3+ 57. Kc4 $16 Na2 (57... Rg3 58. e6 Rg4 59. e7 Re4 60. Kd3 Re5 61. Kc2 $18
{[%cal Re7e8]}) (57... Ne4 58. e6 Nd6+ 59. Kd5 Rd3 60. Rf4 $18) 58. e6 Rc3+ 59.
Kd5 Rc8 60. e7 h3 61. Rh7 Nc3+ 62. Ke6 Ne4 63. Rxh3 $18 Re8 64. Nb5+ Kb2 65.
Kf7 Rb8 66. Re3 Nc3 67. Nd4 1-0

[Event "Bad Endbach"]
[Site "Bad Endbach"]
[Date "1995.??.??"]
[Round "?"]
[White "Bischoff, Klaus"]
[Black "Kupreichik, Viktor D"]
[Result "1-0"]
[WhiteElo "2525"]
[BlackElo "2500"]
[Annotator "Hecht,H"]
[PlyCount "105"]
[EventDate "1995.04.??"]
[EventType "tourn"]
[EventRounds "11"]
[EventCountry "GER"]
[EventCategory "11"]
[SourceTitle "CBM 047"]
[Source "ChessBase"]
[SourceDate "1995.08.01"]
[SourceVersion "1"]
[SourceVersionDate "1995.08.01"]
[SourceQuality "1"]

1. c4 e6 2. Nc3 d5 3. d4 Bb4 4. cxd5 exd5 5. a3 Bxc3+ 6. bxc3 Ne7 7. e3 O-O 8.
c4 c5 9. dxc5 Na6 10. cxd5 Nxc5 11. Nf3 Nxd5 12. Bb2 Qa5+ 13. Qd2 Qxd2+ 14.
Nxd2 Bf5 15. Nf3 Rac8 16. Nd4 Be4 17. f3 Bd3 18. Kd2 Bxf1 19. Raxf1 Rfe8 20. e4
Nb6 21. Rc1 Nca4 22. Ba1 Nc4+ 23. Kd3 Nab6 24. Rc3 Red8 25. Rhc1 Kf8 26. Rxc4
Nxc4 27. Rxc4 Rxc4 28. Kxc4 Rc8+ 29. Kd3 {BN<->R. 5P<->5P. Bauernmehrheiten. W
gewinnt nach Bilden eines Zentral-Freibauern nach sorgfältiger
Stellungssicherung.} Rc1 30. Bc3 g6 31. Nc2 Rd1+ 32. Ke2 Rb1 33. Kd2 b6 34. Ne3
Rh1 35. h3 Ke7 36. Ke2 Rb1 37. Nd1 Rb5 38. Bb4+ Kd7 39. f4 a5 40. Nc3 Rh5 41.
Bf8 Ke6 42. Kf3 f5 43. e5 g5 44. a4 gxf4 45. Bd6 Rg5 46. Ne2 Kd7 47. Nxf4 Kc6
48. Ba3 b5 49. axb5+ Kxb5 50. e6 Kc6 51. e7 Kd7 52. Nd5 Rg6 53. Nc7 1-0

[Event "RUS-ch51"]
[Site "St Petersburg"]
[Date "1998.08.04"]
[Round "8"]
[White "Volkov, Sergey"]
[Black "Dreev, Alexey"]
[Result "0-1"]
[WhiteElo "2605"]
[BlackElo "2645"]
[Annotator "Hecht,H"]
[PlyCount "134"]
[EventDate "1998.07.28"]
[EventType "swiss"]
[EventRounds "11"]
[EventCountry "RUS"]
[SourceTitle "CBM 067"]
[Source "ChessBase"]
[SourceDate "1998.11.30"]
[SourceVersion "2"]
[SourceVersionDate "1998.11.01"]
[SourceQuality "1"]

1. d4 d5 2. c4 c6 3. Nc3 Nf6 4. e3 e6 5. Bd2 Nbd7 6. Qc2 b6 7. cxd5 exd5 8. Bd3
Be7 9. Nge2 Bb7 10. Ng3 g6 11. h4 Qc7 12. e4 c5 13. Nxd5 Nxd5 14. exd5 Bxd5 15.
h5 Bf6 16. hxg6 hxg6 17. Rxh8+ Bxh8 18. Bxg6 Bxd4 19. Be4 Bxe4 20. Nxe4 O-O-O
21. O-O-O Ne5 22. Bg5 Rd5 23. Nc3 Nd3+ 24. Qxd3 Rxg5 25. Qf3 Qb7 26. Ne4 Rg6
27. Qd3 Qd5 28. Kb1 Kb7 29. g4 Re6 30. f3 a6 31. Rh1 Re7 32. Rh5 Qe6 33. a3 Rd7
34. Qc2 c4 35. Rh1 Be5 36. Rd1 Rc7 37. Nc3 Qg6 38. Qxg6 fxg6 {[#] Starker
Läufer bei verteilten Bauernmehrheiten.} 39. Ne4 Kc6 40. Kc2 Rh7 41. Rd2 Bf4
42. Rd8 Rh2+ 43. Kc3 b5 44. Kd4 Rxb2 45. Rg8 g5 46. Rg6+ Kc7 47. Rxa6 Rb3 48.
Kd5 (48. a4 Be3+ (48... Rd3+ 49. Kc5 c3 50. Rc6+ Kd8 51. Kxb5) 49. Ke5 (49. Kd5
Rd3+ 50. Ke6 b4 $19) 49... b4 $19) 48... Rxf3 49. Rc6+ Kd7 50. Kc5 (50. Rb6
Rd3+ 51. Kc5 Be3+ $19) 50... Rb3 51. Nf6+ Ke7 52. Nd5+ Kf7 53. Nb4 {Zu
versuchen war:} (53. Nxf4 gxf4 54. a4 bxa4 55. Kxc4 Rb1 56. Kd3 (56. Ra6 f3 57.
g5 Kg7 $19)) 53... Bc1 54. Rc7+ (54. Kxb5 Bxa3 55. Rxc4 Bxb4 56. Rxb4 Rxb4+ 57.
Kxb4 Ke6 58. Kc4 Ke5 59. Kd3 Kf4 60. Ke2 Kxg4 61. Kf2 Kh3 $19) 54... Ke6 55.
Nc2 Ke5 56. Rf7 Ke4 57. a4 bxa4 58. Kxc4 Bb2 {[%cal Rb3c3]} 59. Rf2 Rf3 60.
Re2+ Kf4 61. Ne1 Rc3+ 62. Kb4 a3 63. Rg2 Rg3 64. Rf2+ Kxg4 65. Rf1 Bc3+ 66. Kc4
Bxe1 67. Rxe1 a2 0-1

[Event "RUS-Cup6"]
[Site "Krasnodar"]
[Date "1997.03.11"]
[Round "1"]
[White "Tsamriuk, Alexander"]
[Black "Landa, Konstantin"]
[Result "0-1"]
[WhiteElo "2375"]
[BlackElo "2570"]
[Annotator "Hecht,H"]
[PlyCount "113"]
[EventDate "1997.03.11"]
[EventType "swiss"]
[EventRounds "9"]
[EventCountry "RUS"]
[SourceTitle "EXT 2000"]
[Source "ChessBase"]
[SourceDate "1999.11.16"]
[SourceVersion "1"]
[SourceVersionDate "1999.11.16"]
[SourceQuality "1"]

1. d4 d5 2. c4 e6 3. Nc3 Bb4 4. cxd5 exd5 5. Nf3 c6 6. Qc2 Ne7 7. Bf4 Bf5 8.
Qb3 Qb6 9. e3 Ng6 10. Bg3 Nd7 11. Be2 Be7 12. Nd2 h5 13. h4 Qxb3 14. Nxb3 a5
15. Nd2 a4 16. a3 Nf6 17. Rc1 O-O 18. O-O Ng4 19. Nf3 Rfe8 20. Rfe1 Nf8 21. Bd1
b5 22. Na2 Rec8 23. Be2 Nd7 24. Nb4 Bxb4 25. axb4 Nb6 26. Ne5 Nc4 27. Nxc4 bxc4
28. e4 Be6 29. exd5 cxd5 30. Bxg4 hxg4 31. Bd6 a3 32. bxa3 Rxa3 33. Kh2 Rb3 34.
Re3 Bf5 35. Rce1 Rb2 36. Kg3 c3 37. Re8+ Rxe8 38. Rxe8+ Kh7 {[#] starker
schwarzer Freibauer; Für die interessante Taktik gibt es eine Medaille.} 39.
Re7 c2 40. Rc7 Rb3+ $1 {[%cal Rf5d3,Rd3c4]} (40... Bd3 41. Rc3 $1) 41. Kf4 Bd3
42. Kxg4 (42. Ke3 Rb1 (42... Bc4+ 43. Kd2 Rc3 44. Kc1) 43. Kxd3 c1=Q 44. Rxc1
Rxc1 45. Bc5 Kg6 46. b5 Rb1 47. b6 Kh5 48. g3 Kg6 49. Kc2 Rb5 50. Kd3 Kf5 51.
Ke3 Rb3+ $19) 42... Bc4 43. Bf4 Rd3 {[%cal Rd3d4,Yd4f4,Yc2c1]} (43... Rb1 44.
Rxf7 c1=Q 45. Bxc1 Rxc1 $13) 44. Ra7 Rxd4 $1 (44... Rd1 $5 45. Kf3 (45. Rxf7
Rxd4 $19) 45... f6 $19 {[%csl Rb4,Rd4][%cal Rc2c1]}) 45. Ra1 Be2+ 46. f3 Rxb4
47. Rc1 $8 Bd1 48. Kf5 $2 (48. Kg3 $142) 48... g6+ 49. Kg4 d4 50. Bd2 Rb6 $19 {
[%cal Rb6e6,Re6e2,Rd4d3,Rd3d2]} 51. Kg3 Re6 52. Ra1 Re2 53. Bg5 d3 54. Ra8 {
[%cal Rg5f6,Ra8h8]} Kg7 55. Rd8 d2 56. Rxd2 (56. Bxd2 Rxd2) 56... Re5 57. Bf4 (
57. Bf4 Rf5 $19 {[%cal Rf5f4,Rc2c1]}) 0-1

[Event "GER-Kasparov"]
[Site "Baden-Baden"]
[Date "1992.??.??"]
[Round "?"]
[White "Hertneck, Gerald"]
[Black "Kasparov, Garry"]
[Result "1/2-1/2"]
[WhiteElo "2530"]
[BlackElo "2780"]
[Annotator "Hertneck,G"]
[PlyCount "52"]
[EventDate "1992.??.??"]
[EventType "simul"]
[EventRounds "4"]
[EventCountry "GER"]
[SourceTitle "CBM 028"]
[Source "ChessBase"]
[SourceDate "1992.06.01"]
[SourceVersion "1"]
[SourceVersionDate "1992.06.01"]
[SourceQuality "1"]

1. d4 d5 {(Surprise!)} 2. c4 e6 3. Nc3 c6 4. Nf3 dxc4 5. a4 Bb4 6. Bd2 $5 (6.
e3 b5 7. Bd2 a5 8. axb5 Bxc3 9. Bxc3 cxb5 10. b3 Bb7 11. bxc4 b4 12. Bb2 Nf6
13. Bd3 Nbd7 (13... Be4 $2 14. Bxe4 Nxe4 15. Qc2 Nf6 {+/- ECO D31/21}) 14. Qc2
O-O 15. O-O (15. e4 e5 {/\ 16.de5 Nc5 17.ef6 Qd3 -/+}) 15... Qc7 16. e4 e5 $1
17. Rfe1 (17. dxe5 $2 Ng4) 17... Rfe8 18. c5 exd4 19. Bxd4 h6 $1 (19... Ba6 20.
Bxa6 Rxa6 21. Qc4 {+/- Magerramov-Mikenas, cr 89}) 20. e5 (20. h3 Bc6 21. e5
Nd5 22. e6 Rxe6 23. Rxe6 fxe6 24. Bh7+ Kh8 25. Bxg7+ Kxg7 26. Qg6+ Kh8 27. Qxh6
Nf8 {/-/+ Neverov-Kramnik, USR-ch Moscow 91}) 20... Nd5 21. e6 $1 Rxe6 22. Rxe6
fxe6 23. Re1 {~/= Kramnik-Sorokin, Rybinsk 91}) 6... Nf6 7. e3 c5 $1 (7... b5
$6 8. axb5 Bxc3 9. Bxc3 cxb5 10. b3 a5 11. bxc4 Ne4 12. Bb2 b4 13. Bd3 $16 {
Hertneck-Kaiser, BL 89/90}) 8. Bxc4 Nc6 (8... cxd4 9. Nxd4 $1 {|^<< Kasparov})
9. dxc5 Bxc5 10. O-O O-O 11. Qe2 (11. Qc2 {Tihovsky-Pachman, Brno 1944, ECO
D31/18}) 11... e5 $5 (11... Qe7 12. e4 e5 13. Bg5 $16) 12. Ng5 Bf5 $1 13. Rad1
(13. Bxf7+ $2 Rxf7 14. Nxf7 (14. Qc4 Bg6 15. Nxf7 Bxf7 16. Qxc5 Qxd2 $17) 14...
Kxf7 15. Qc4+ Be6 16. Qxc5 Qxd2 $17) 13... Qe7 (13... h6 $2 14. Nxf7 Rxf7 15.
Bxf7+ Kxf7 16. Qc4+ $18) (13... Bc2 $5 14. Rc1 Bg6) 14. f3 Bg6 $2 (14... e4 $2
15. Ngxe4 Nxe4 16. fxe4 Bxe4 17. Nxe4 Qxe4 18. Rxf7 $1 Rxf7 19. Bxf7+ Kxf7 20.
Qh5+ Kg8 21. Qxc5 b6 (21... Rd8 22. Rf1 $1) (21... Qxa4 22. Qd5+ Kh8 23. Bc3
$16) 22. Qb5 $16) (14... Rad8 15. Nge4 Nxe4 (15... Bxe4 16. fxe4 {/\ Rf3, Rdf1
->}) 16. Nxe4 (16. fxe4 Be6 17. Nd5 Qg5 18. Qd3 $13) 16... Bxe4 17. fxe4 Kh8
$13) 15. Nge4 Nxe4 16. Nxe4 (16. fxe4 $6 Qg5 17. Rde1 Rad8 $15) 16... Bb4 $6 (
16... Bxe4 17. fxe4 Rad8) (16... Bb6 17. Bd5 Kh8 18. Bxc6 bxc6 19. Qc4 f5 20.
Nf2 $13) 17. Bd5 Kh8 $6 {(weak Kh8 _|_)} 18. Qb5 $36 Rab8 {(/\ 19.Bc6 bc6 20.
Bb4 Qb4 )} (18... a6 19. Qb6 Bxe4 20. Bxb4 Nxb4 21. Bxe4 $16) 19. Bxb4 $2 (19.
Bxc6 $1 bxc6 20. Qxc6 Rfc8 21. Qd5 $1 {/\ Bb4, Nd6 +/- Boensch} Rd8 $4 22. Bxb4
$18) (19. Rf2 $1 Rfd8 (19... f5 $2 20. Bxb4 Nxb4 21. Qc5 Qxc5 22. Nxc5 $16) 20.
Bxb4 Nxb4 21. Rfd2 Nxd5 22. Rxd5 Bxe4 (22... Rxd5 23. Rxd5 Bxe4 24. Rxe5 $16)
23. Qxb7 $3 $16 Qg5 24. Rxd8+ Rxd8 25. Rxd8+ Qxd8 26. Qxe4) 19... Nxb4 20. Qc5
$6 (20. Nc5 $2 Nc2 $17) (20. Bb3 {+/= Kasparov}) 20... Qxc5 21. Nxc5 Bc2 $1
$132 22. Rd2 Rbd8 (22... Rfd8 $2 23. e4 b6 24. Na6 Nxa6 25. Rxc2 Nb4 26. Rc7
Nxd5 27. exd5 $14) (22... Rfd8 $6 23. e4 b6 24. Na6 Nxa6 25. Rxc2 Nb4 26. Rc7
Nxd5 27. exd5 Rxd5 28. Rxf7 $14) 23. e4 b6 24. Na6 $8 (24. Nb7 $4 Rd7 25. a5
Bb3 $1 (25... Bd3 26. Ra1 Ba6 27. axb6 axb6 28. Ra4 $10) 26. axb6 axb6 $19)
24... Nxd5 25. exd5 Bxa4 26. Ra1 $146 Bd7 (26... Bd7 {[#]} 27. d6 {(/\ b4, Nc7)
} Rc8 (27... Be6 $6 28. Nb4 Rd7 29. Nc6) 28. b4 (28. Nc7 a5 29. b4 axb4 30. Rb1
b5 31. Rxb4 Rb8 {/\ Rb6, >< d6 -/+}) 28... Rc4 29. Nc7 Rxb4 30. Rxa7 Rd8 31.
Nd5 Rb5 $5 (31... Rb1+ $6 32. Kf2 h6 33. Rb7 $14) (31... Rb3 32. Rb7 Bc6 33.
Rc7 Bd7 34. Rb7 Bc6 $10) (31... Rd4 $2 32. Rxd4 exd4 33. Nxb6 d3 34. Kf2 d2 35.
Ke2 Bb5+ 36. Kd1 $1 $16) 32. Ra6 (32. Rb7 $4 Bc6 $19) 32... Bc6 33. Ne7 Bd7 34.
Nd5 Bc6 $10) 1/2-1/2

[Event "Reykjavik op"]
[Site "Reykjavik"]
[Date "1996.??.??"]
[Round "2"]
[White "Hjartarson, Johann"]
[Black "Van der Werf, Mark"]
[Result "1/2-1/2"]
[WhiteElo "2570"]
[BlackElo "2400"]
[Annotator "Hjartarson,J"]
[PlyCount "87"]
[EventDate "1996.03.??"]
[EventType "swiss"]
[EventRounds "9"]
[EventCountry "ISL"]
[SourceTitle "CBM 052"]
[Source "ChessBase"]
[SourceDate "1996.06.01"]
[SourceVersion "1"]
[SourceVersionDate "1996.06.01"]
[SourceQuality "1"]

1. c4 e6 2. Nc3 d5 3. d4 c6 4. e4 dxe4 5. Nxe4 Bb4+ 6. Bd2 Qxd4 7. Bxb4 Qxe4+
8. Be2 c5 9. Bxc5 Qxg2 10. Bf3 Qg5 11. Bd6 Ne7 12. Ne2 Nbc6 13. Rg1 Qa5+ $5
$146 (13... Qf6 14. Nc3 Nd4 15. Bh1 $2 (15. Be4 Ndf5 16. Ba3 $44) 15... Nef5
$17 {Spragget-Gentes, Cananda 1992}) 14. Nc3 Nf5 15. Be4 (15. Bxc6+ bxc6 16.
Qd2 (16. b4 Qa6 $13) 16... Ba6 $13) 15... Bd7 (15... Nxd6 16. Qxd6 Qe5 17. Nb5
$5 Qxe4+ 18. Kd2 Bd7 19. Nc7+ Kd8 20. Nxa8 Nd4 $13) 16. Bxf5 exf5 $1 (16...
Qxf5 17. Nb5 O-O-O 18. Bc7 $1 Qe4+ 19. Kd2 $16) 17. Qe2+ Be6 18. O-O-O O-O-O
19. Rxg7 Qa6 $1 20. c5 (20. Nb5 Qxa2 21. Qxe6+ fxe6 22. Rc7+ Kb8 23. Rxh7+ Kc8
24. Rc7+ Kb8 $10) (20. b3 $4 Rxd6 21. Rxd6 Qa3+ $19) 20... Qxe2 21. Nxe2 Bxa2
22. Nd4 Nxd4 23. Rxd4 Be6 $10 24. Rh4 h6 25. Rg3 Rdg8 26. Rxh6 Rxh6 27. Rxg8+
Kd7 28. Ra8 a6 29. Rb8 Kc6 30. Re8 b6 31. cxb6 Bd7 32. Bf4 Rh4 33. b7 Kxb7 34.
Re7 Rxf4 35. Rxd7+ Kc6 36. Rd2 Rf3 37. Kd1 Rh3 38. Rc2+ Kd5 39. Rc7 Rxh2 40.
Ke2 Rh6 41. Rxf7 Ke4 42. Re7+ Kf4 43. Re3 Rb6 44. Rf3+ 1/2-1/2